000 00654nam a2200241Ia 4500
001 20043
003 DO-CoUTE
005 20260204212610.0
008 220104s9999 dr 000 0 spa d
020 _a978-958-99892-6-5
040 _aDO-CoUTE
_bspa
_cDO-CoUTE
041 0 _aspa
082 _a635 P661m
100 1 _aPinzón Ramírez, Hernán
245 1 0 _aManual para el cultivo de hortalizas / Hernán Pinzón Ramírez
260 _aBogotá,Colombia:Produmedios
300 _a573 páginas
650 4 _aHortalizas
650 4 _aHorticultura
942 _2ddc
_cBK
999 _c21056
_d21056